| 000 | 00418nam a2200145 i 4500 | ||
|---|---|---|---|
| 001 | 60990 | ||
| 003 | ES-MaACL | ||
| 005 | 20230906164339.0 | ||
| 007 | t| | ||
| 008 | 031110s1978 sp ||||1| spa d | ||
| 245 | 0 | 0 | _aEstudios de derecho civil en honor del profesor Batlle Vázquez. |
| 260 |
_a[Madrid] : _bRevista de Derecho Financiero, _c[1978] |
||
| 300 |
_a854 p. ; _c22 cm. |
||
| 852 |
_aES-MaACL _jA-9472 _bR.97733 |
||
| 999 |
_c60990 _d60990 |
||